000
00190nam a2200085Ia 4500
008
220204s9999 xx 000 0 und d
082
_a
82-34
_b
FOL
245
0
_a
Folk tales of Assam
942
_c
BK
999
_c
32492
_d
32492